000 01439nam a22003017a 4500
003 OSt
005 20250612104255.0
008 200217t2016 sp a|||dr|||| 00| f spa d
020 _a9788496886599
_q9788416715275
040 _aCO-JMCR
_cCO-JMCR
041 1 _aspa
_heng
082 0 4 _aJ-N
_bNORv
100 1 _aNorthrop, Michael,
_eautor
_9638
245 1 3 _aEl valle de los reyes /
_cMichael Northrop
250 _a1a. edición
260 _aBarcelona :
_bUrano,
_c©2016
300 _a187 páginas :
_bilustraciones a color ;
_c22 cm.
490 _aTombquest
_vLibro 3
500 _aTitulo original: Valley of Kings.
505 _aFantasmas hambrientos -- Las voces de los muertos -- Entre la espada y la pared -- Pasos. Voces -- Shangrit-la -- Al museo -- Un mazo de demolición al rojo vivo -- Subirse por las paredes -- Separados -- Entrenando para ganar -- Ciudad fantasma -- La otra orilla -- Campamento base -- El Valle de los Reyes -- Abrasados -- El visitante nocturno -- Excursión a la ciudad -- Momias ausentes Traicionas -- El corazón negro -- En las profundidades del valle -- Efecto túnel -- Como mariposas
520 _aUna aventura al rojo vivo en el corazón del desierto.
546 1 _aTraducido del inglés.
650 1 4 _aNovela
_zEstadounidense
_9652
650 1 4 _aNovela
_xtumbas
_9653
650 1 4 _aNovela
_xfaraones
_9654
700 1 _aSimó Parales, Victoria,
_etraductora
_9655
942 _2ddc
_cBK
999 _c6534
_d6534